| 000 | 00423cam a22001217a 4500 | ||
|---|---|---|---|
| 008 | 180718b1959 xxu||||| |||| 00| 0 eng d | ||
| 082 | _aA45:Y26x71 1953-54 | ||
| 100 | _aUnited Kingdom. National Coal Board | ||
| 245 |
_aAnnual report and accounts, 1958-59 _cby National Coal Board |
||
| 260 |
_aLondon _bHer Majesty's Stationery Office _c1959 |
||
| 300 | _a153p. | ||
| 500 | _aLibrary has Vol. II: Accounts & Statistical Tables | ||
| 999 |
_c503682 _d503682 |
||